LEADER 01496nam0 22003131i 450 001 UON00051200 005 20231205102226.623 100 $a20020107d1960 |0itac50 ba 101 $aeng 102 $aUS 105 $a||||p ||||| 200 1 $aJapanese folk-plays$eThe ink-smeared lady and other kyogen$ftranslated by Shio Sakanishi$gwith illustrations by Yoshie Noguchi 210 $aRutland$cCharles E. Tuttle Company$d1960 215 $aXIII, 150 p.$d18 cm 410 1$1001UON00011355$12001 $aUNESCO Collection of Representative Works. Japanese Series 606 $aLETTERATURA POPOLARE$xGIAPPONE$3UONC002698$2FI 606 $aTeatro giapponese$xTeatro Ky?gen$3UONC008210$2FI 606 $aTEATRO GIAPPONESE$xTESTI$xTRADUZIONI$3UONC017504$2FI 620 $dRutland [VT]$3UONL000388 686 $aGIA IX H$cGIAPPONE - ARTI - MUSICA, TEATRO, CINEMA, DANZA$2A 702 0$aSHIO Sakanishi$3UONV032443 702 0$aYOSHIE Noguchi$3UONV032494 712 $aTuttle$3UONV246581$4650 801 $aIT$bSOL$c20260123$gRICA 912 $aUON00051200 950 $aSIBA - SISTEMA BIBLIOTECARIO DI ATENEO E ARCHIVIO STORICO$dSI GIA IX H 192 $eSI SA 93886 7 192 950 $aSIBA - SISTEMA BIBLIOTECARIO DI ATENEO E ARCHIVIO STORICO$dSI GIA IX H 192 BIS $eSI SA 98657 7 192 BIS 996 $aJapanese folk-plays$91144878 997 $aUNIOR